Moving from windows to Linux / (Record no. 62554)

MARC details
000 -LEADER
fixed length control field 00414nam a22001457a 4500
005 - DATE AND TIME OF LATEST TRANSACTION
control field 20120211124357.0
020 ## - INTERNATIONAL STANDARD BOOK NUMBER
International Standard Book Number 8183330002
Terms of availability 195.00
035 ## - SYSTEM CONTROL NUMBER
System control number B-163960
037 ## - SOURCE OF ACQUISITION
Stock number DPL
Source of stock number/acquisition ENG
100 ## - MAIN ENTRY--PERSONAL NAME
Personal name Bayross, Ivan
245 ## - TITLE STATEMENT
Title Moving from windows to Linux /
Statement of responsibility, etc by Ivan Bayross
260 ## - PUBLICATION, DISTRIBUTION, ETC. (IMPRINT)
Place of publication, distribution, etc New Delhi
Name of publisher, distributor, etc BPB Publications
Date of publication, distribution, etc 2005
300 ## - PHYSICAL DESCRIPTION
Extent xiv, 395p.
Dimensions 22 cms.
942 ## - ADDED ENTRY ELEMENTS (KOHA)
Source of classification or shelving scheme Dewey Decimal Classification
Item type English Books
Classification part 005.43
Call number suffix BAY

No items available.


© Delhi Public Library
Hit Counter
free hit counter